¿Qué puede hacer Winnie? / (Registro nro. 12706)
[ vista simple ]
| 000 -LEADER | |
|---|---|
| fixed length control field | 01051nam a22003017a 4500 |
| 003 - CONTROL NUMBER IDENTIFIER | |
| control field | DO-SdBNP |
| 005 - DATE AND TIME OF LATEST TRANSACTION | |
| control field | 20250828111438.0 |
| 008 - FIXED-LENGTH DATA ELEMENTS--GENERAL INFORMATION | |
| fixed length control field | 161031b 2007 xxu a 00| 0 spa d |
| 020 ## - INTERNATIONAL STANDARD BOOK NUMBER | |
| International Standard Book Number | 1412783836 |
| 020 ## - INTERNATIONAL STANDARD BOOK NUMBER | |
| International Standard Book Number | 9781412783835 |
| 040 ## - CATALOGING SOURCE | |
| Original cataloging agency | BPMSU |
| Language of cataloging | spa |
| Transcribing agency | BPMSU |
| 082 ## - DEWEY DECIMAL CLASSIFICATION NUMBER | |
| Classification number | xxxx |
| Item number | M659q |
| 100 1# - MAIN ENTRY--PERSONAL NAME | |
| Personal name | Milne, A. A. |
| Dates associated with a name | 1882-1956 |
| Fuller form of name | (Alan Alexander Milne) |
| 245 10 - TITLE STATEMENT | |
| Title | ¿Qué puede hacer Winnie? / |
| Statement of responsibility, etc. | A. A. Milne ; ilustración Dean Kleven ; adaptación al español Arlette de Álba |
| 260 ## - PUBLICATION, DISTRIBUTION, ETC. (IMPRINT) | |
| Place of publication, distribution, etc. | Lincolnwood, Illinois, Estados Unidos : |
| Name of publisher, distributor, etc. | Publications Internacional, |
| Date of publication, distribution, etc. | 2007. |
| 300 ## - PHYSICAL DESCRIPTION | |
| Extent | 6 p. : |
| Other physical details | il. ; |
| Dimensions | 23 cm. |
| 490 1# - SERIES STATEMENT | |
| Series statement | Play a song |
| 500 ## - GENERAL NOTE | |
| General note | Libro de paginas de cartón duro. |
| 500 ## - GENERAL NOTE | |
| General note | Libro con dispositivo de sonidos, que trabaja con baterías. |
| 500 ## - GENERAL NOTE | |
| General note | Libro con imagines tridimensionales. |
| 521 ## - TARGET AUDIENCE NOTE | |
| Target audience note | A partir de 18 meses. |
| 700 12 - ADDED ENTRY--PERSONAL NAME | |
| Personal name | Kleven, Dean |
| Relator term | il. |
| 700 12 - ADDED ENTRY--PERSONAL NAME | |
| Personal name | Álba, Arlette de |
| Relator term | trad. |
| 830 #0 - SERIES ADDED ENTRY--UNIFORM TITLE | |
| Uniform title | Play a song |
| 910 ## - USER-OPTION DATA (OCLC) | |
| User-option data | 000144 |
| 942 ## - ADDED ENTRY ELEMENTS (KOHA) | |
| Source of classification or shelving scheme | Dewey Decimal Classification |
| Koha item type | Libros |
| 956 ## - LOCAL ELECTRONIC LOCATION AND ACCESS (OCLC) | |
| Access method | YLOCKWARD |
| Materials specified | 10 |
| Field link and sequence number | BPMSU |
| Host name | Yngrid Lockward |
| Withdrawn status | Lost status | Source of classification or shelving scheme | Damaged status | Not for loan | Collection code | Home library | Current library | Date acquired | Source of acquisition | Total Checkouts | Full call number | Barcode | Date last seen | Price effective from | Koha item type |
|---|---|---|---|---|---|---|---|---|---|---|---|---|---|---|---|
| Dewey Decimal Classification | Colección Infantil General | Biblioteca Pública Metropolitana Salomé Ureña | Biblioteca Pública Metropolitana Salomé Ureña | 10/27/2017 | Donado por la Biblioteca Infantil y Juvenil República Dominicana | xxxx M659q | BPMSU17100163 | 10/27/2017 | 10/27/2017 | Libros |